000 01019nam a2200265Ia 4500
003 OSt
005 20221005103516.0
006 a|||||r|||| 00| 0
007 ta
008 221004b |||||||| |||| 00| 0 hin d
020 _a9788131604434 (hbk)
_c895
024 _a16551
037 _bCBS/247, 28/01/2015, Classic Book Service
_cTextual
040 _aCRL
_cCRL
_bhin
041 _2hin
_ahin
082 _aY5927.2, 152Q1
100 _aथोरात, सुखेदव
245 0 _aभारत मे दलित
_b सामान्य लक्ष्य की खोज
246 _aBhārat me dalita: sāmānya lakṣhya kī khoja
260 _aजयपुर
_bरावत पब्लिकेशन्स भारत
_c2011
300 _a421पृ0
_ccm.
650 _aभारतीय-लोक साहित्य
942 _hY5927.2, 152Q1
_cTEXL
_2cc
999 _c1010239
_d1010239